| 000 | 00385cam a22001217a 4500 | ||
|---|---|---|---|
| 008 | 180718b1973 xxu||||| |||| 00| 0 eng d | ||
| 082 | _aA81x54 In2/71/18/Pt2A | ||
| 100 | _aCensus of India 1971 | ||
| 245 | _aRajasthan: general population tables | ||
| 260 |
_aDelhi _bThe Manager of Publications _c1973 |
||
| 300 | _av.p. | ||
| 440 | _aCensus of India 1971. Series-18, Rajasthan. Part II-A | ||
| 999 |
_c485382 _d485382 |
||